<?xml version="1.0" encoding="UTF-8"?>
<record
    xmlns:xsi="http://www.w3.org/2001/XMLSchema-instance"
    xsi:schemaLocation="http://www.loc.gov/MARC21/slim http://www.loc.gov/standards/marcxml/schema/MARC21slim.xsd"
    xmlns="http://www.loc.gov/MARC21/slim">

  <leader>00439nam a22001697a 4500</leader>
  <controlfield tag="003">BDDh-ASL</controlfield>
  <controlfield tag="005">20231015031038.0</controlfield>
  <controlfield tag="008">221023s1934    ii ||||| |||| 00| 0 urd d</controlfield>
  <datafield tag="040" ind1=" " ind2=" ">
    <subfield code="a">BDDh-ASL</subfield>
    <subfield code="c">BDDh-ASL</subfield>
  </datafield>
  <datafield tag="041" ind1=" " ind2=" ">
    <subfield code="a">urd</subfield>
  </datafield>
  <datafield tag="082" ind1=" " ind2=" ">
    <subfield code="a">297</subfield>
    <subfield code="b">MAZ</subfield>
  </datafield>
  <datafield tag="245" ind1="0" ind2="0">
    <subfield code="a">Mazahir-e Haq, Vol.-1 : / &#x645;&#x638;&#x627;&#x6BE;&#x631; &#x62D;&#x642; </subfield>
  </datafield>
  <datafield tag="260" ind1=" " ind2=" ">
    <subfield code="a">Lucknow : </subfield>
    <subfield code="b">Nawal Kishore , </subfield>
    <subfield code="c">1934. </subfield>
  </datafield>
  <datafield tag="300" ind1=" " ind2=" ">
    <subfield code="a">498 p. : </subfield>
    <subfield code="c">31 cm. </subfield>
  </datafield>
  <datafield tag="650" ind1=" " ind2="0">
    <subfield code="9">3956</subfield>
    <subfield code="a">Hadith </subfield>
  </datafield>
  <datafield tag="942" ind1=" " ind2=" ">
    <subfield code="2">ddc</subfield>
    <subfield code="c">BK</subfield>
  </datafield>
  <datafield tag="952" ind1=" " ind2=" ">
    <subfield code="0">0</subfield>
    <subfield code="1">0</subfield>
    <subfield code="2">ddc</subfield>
    <subfield code="4">0</subfield>
    <subfield code="7">1</subfield>
    <subfield code="8">NFIC</subfield>
    <subfield code="a">ASL</subfield>
    <subfield code="b">ASL</subfield>
    <subfield code="c">GEN</subfield>
    <subfield code="d">2022-10-23</subfield>
    <subfield code="e">ASB Collections</subfield>
    <subfield code="h">U-1151</subfield>
    <subfield code="l">0</subfield>
    <subfield code="o">297 MAZ</subfield>
    <subfield code="p">117826</subfield>
    <subfield code="r">2022-10-23 00:00:00</subfield>
    <subfield code="t">C-1, V-1</subfield>
    <subfield code="w">2022-10-23</subfield>
    <subfield code="y">BK</subfield>
    <subfield code="z">U-1934</subfield>
  </datafield>
  <datafield tag="999" ind1=" " ind2=" ">
    <subfield code="c">29604</subfield>
    <subfield code="d">29604</subfield>
  </datafield>
</record>
